000 00426nam a22001697a 4500
003 OSt
005 20220128104249.0
008 220128b |||||||| |||| 00| 0 eng d
020 _a0824773098
040 _cHU
082 _a621.36
100 _aMusikant Solomon
_929005
245 _aOptical Materials An Introduction To Selection And Application
260 _aNew York
_bNew York
300 _f257
942 _2ddc
_cBOOKS
_n0
999 _c28325
_d28325